Pokémon - Les attaques de Araqua - Statistiques

Statistiques générales
  • Ce quiz a été pris 14 fois
  • Le résultat moyen est 10 sur 14
Statistiques - réponses
Niveaux Types Noms des attaques % Correct
Niveau 12 Eau Bulles d'O
100%
Niveau 24 Ténèbres Mâchouille
100%
Niveau 8 Ténèbres Morsure
100%
Départ Eau Pistolet à O
100%
Niveau 16 Eau Anneau Hydro
86%
Niveau 36 Insecte Furie-Bond
86%
Départ Insecte Harcèlement
86%
Niveau 4 Insecte Piqûre
86%
Niveau 44 Insecte Vampirisme
86%
Niveau 40 Eau Aqua-Brèche
71%
Niveau 28 Eau Détrempage
71%
Niveau 48 Psy Voile Miroir
43%
Niveau 20 Normal Coup d'Boule
29%
Niveau 32 Normal Ten-Danse
0%
Aucun quiz correspondant
Distribution des résultats
% des personnes avec chaque résultat
Percentile par nombre de réponses
Votre historique - résultats
Vous n’avez pas pris ce quiz